00445nam a2200121 a 4500020001500000020002200015082001200037245009500049260012100144300001800265700002100283700001900304 a9781261382 a9781261374 (pbk.)00a337.66900aNigeria's economic relations with the major developed market-economy countries 1960-1985 / aLagos :bPublished by the Nigerian Institute of International Affairs in co-operation with Nelson Publishers,c1988. axvi, 294 p. ;1 aAkindele, R. A.,1 aAte, Bassey E.